| 000 | 00654cam a22002172 4500 | ||
|---|---|---|---|
| 001 | 0000007237 | ||
| 005 | 20151217155214.0 | ||
| 008 | 071205s xx 000 0 eng d | ||
| 020 |
_a8120328019 : _cKES 1600 |
||
| 040 |
_aKABU _cKABU |
||
| 100 | 1 |
_aDeitel, H. M. _@0000154449 |
|
| 245 | 1 | 0 |
_aC how to program / _cH. M. Deitel, P. J. Deitel. |
| 250 | _a4th ed. | ||
| 260 |
_aNew Delhi : _bPrentice-Hall of India, _c2004. |
||
| 300 | _axli, 1255 p. | ||
| 650 | 0 |
_aC (Computer program language) _@0000154432 |
|
| 700 | 1 |
_aDeitel, P. J. _@0000154450 |
|
| 908 | _a071205 | ||
| 950 | _@1 | ||
| 999 |
_c11985 _d11985 |
||